|
|
|
|
| LEADER |
00922nam a2200265 a 4500 |
| 001 |
4814375 |
| 008 |
110814s2005 ii 000 1 eng d |
| 999 |
|
|
|c 11203
|d 11203
|
| 010 |
|
|
|a 88905102
|
| 020 |
|
|
|a 0195636317
|
| 020 |
|
|
|a 9780195636314
|
| 040 |
|
|
|a DLC
|c DLC
|d DLC
|d BD-DhAAL
|
| 082 |
0 |
0 |
|a 823.914
|2 22
|
| 100 |
1 |
|
|a Ghosh, Amitav
|9 32766
|
| 245 |
1 |
4 |
|a The shadow lines /
|c Amitav Ghosh.
|
| 250 |
|
|
|a Educational edition
|
| 260 |
|
|
|a New Delhi :
|b Oxford University Press,
|c 2005.
|
| 300 |
|
|
|a 309 p. ;
|c 22 cm.
|
| 541 |
|
|
|e 00014220
|
| 650 |
|
0 |
|a Boys
|x Fiction.
|9 32767
|
| 650 |
|
0 |
|a British
|z India
|x Fiction.
|9 32768
|
| 651 |
|
0 |
|a Calcutta (India)
|x Fiction.
|9 32769
|
| 852 |
1 |
|
|a Ayesha Abed Library
|c General shelf.
|
| 942 |
|
|
|2 ddc
|c BK
|
| 952 |
|
|
|0 0
|1 0
|2 ddc
|4 0
|6 823_914000000000000_GHO
|7 0
|9 17853
|a BRACUL
|b BRACUL
|c GEN
|d 2011-08-16
|l 20
|m 103
|o 823.914 GHO
|p 3010014220
|r 2025-07-07
|s 2025-06-19
|t 1
|w 2011-08-16
|y BK
|x Available
|